000 00440nam a2200157Ia 4500
005 20260121165312.0
008 260121s9999 xx 000 0 und d
041 _amar
082 _a920.72
100 _aरावळ, सुवर्णा
245 _aमातोश्री रमाबाई
250 _a1
260 _bभारतीय विचार साधना पुणे
_c2021
300 _a32
650 _aGenral
999 _c369992
_d369992